[Event "London Classic Open 2015"]
[Site "London ENG"]
[Date "2015.12.04"]
[Round "1.26"]
[White "Andersen, Mads"]
[Black "De Abreu, Roberto N"]
[Result "1-0"]
[WhiteTitle "IM"]
[BlackTitle "FM"]
[WhiteElo "2459"]
[BlackElo "2048"]
[WhiteFideId "1413864"]
[BlackFideId "14307472"]
[EventDate "2015.12.04"]

1. d4 Nf6 2. c4 c5 3. d5 b5 4. cxb5 a6 5. e3 Bb7 6. Nc3 axb5 7. Bxb5 Qa5 8. Bd2
Qb6 9. Nf3 Nxd5 10. Nxd5 Bxd5 11. a4 e6 12. Bc3 Nc6 13. O-O Be7 14. Nd2 Na7 15.
Bxd7+ Kxd7 16. e4 Qd6 17. exd5 exd5 18. Qh5 d4 19. Nc4 Qe6 20. Ne5+ Ke8 21. Bd2
g6 22. Qf3 Rd8 23. Rfe1 Qd5 24. Qe2 Rd6 25. Nxg6 Re6 26. Nf4 Rxe2 27. Nxd5 d3
28. Rxe2 dxe2 29. Re1 Kd7 30. Nxe7 Kxe7 31. Rxe2+ Kd6 32. Be3 1-0

[Event "London Classic Open 2015"]
[Site "London ENG"]
[Date "2015.12.04"]
[Round "1.27"]
[White "Hagesather, Arne"]
[Black "Hebden, Mark L"]
[Result "0-1"]
[BlackTitle "GM"]
[WhiteElo "2055"]
[BlackElo "2467"]
[WhiteFideId "1502476"]
[BlackFideId "400084"]
[EventDate "2015.12.04"]

1. d4 Nf6 2. c4 g6 3. Nc3 Bg7 4. e4 d6 5. Nf3 O-O 6. Be2 Nbd7 7. Qc2 e5 8. d5 a5
9. Be3 Ng4 10. Bg5 f6 11. Bh4 g5 12. Bg3 f5 13. Nd2 Nc5 14. Bxg4 fxg4 15. Na4
Nxa4 16. Qxa4 h5 17. f3 h4 18. Bf2 h3 19. Rg1 hxg2 20. Rxg2 gxf3 21. Rg3 Bd7 22.
Qa3 g4 23. O-O-O Bh6 24. Kc2 Kh7 25. c5 Rf6 26. Nc4 Rg6 27. Be3 Qh4 28. Rd2 Bb5
29. Bxh6 Qxh6 30. Ne3 Qf4 31. Qb3 Qxe4+ 32. Kc1 Ba4 33. Qd3 Qxd3 34. Rxd3 dxc5 0-1

[Event "London Classic Open 2015"]
[Site "London ENG"]
[Date "2015.12.04"]
[Round "1.28"]
[White "Galyas, Miklos"]
[Black "Guo, Emma"]
[Result "1/2-1/2"]
[WhiteTitle "IM"]
[BlackTitle "WIM"]
[WhiteElo "2462"]
[BlackElo "2050"]
[WhiteFideId "707244"]
[BlackFideId "3200795"]
[EventDate "2015.12.04"]

1. g3 g6 2. Bg2 Bg7 3. c4 c5 4. Nc3 Nc6 5. a3 Nf6 6. Rb1 d6 7. b4 O-O 8. d3 Ng4
9. Bd2 cxb4 10. axb4 Qb6 11. Nh3 e6 12. O-O Bd7 13. Ne4 Qc7 14. b5 Ne7 15. Nxd6
Qxd6 16. Bb4 Qc7 17. Bxe7 Rfe8 18. Bb4 e5 19. Ng5 Nf6 20. Qb3 h6 21. Ne4 Nxe4
22. Bxe4 Be6 23. Qa3 f5 24. Bg2 Bf8 25. Bxf8 Rxf8 26. Qb2 Qg7 27. f4 e4 28.
Qxg7+ Kxg7 29. Rfd1 Rfd8 30. dxe4 Bxc4 31. exf5 gxf5 32. Bxb7 Bxe2 33. Re1 Rab8
34. Bc6 Rd2 35. Ra1 Rb2 36. Rxa7+ Kf6 37. Rh7 Bxb5 38. Bxb5 Kg6 39. Rhe7 R8xb5
40. R7e6+ Kh5 41. R1e2 Rb6 42. Kg2 Rxe2+ 43. Rxe2 Kg6 44. Kh3 Ra6 45. Kh4 Rb6
46. h3 Ra6 47. Re5 Ra3 48. Re6+ Kg7 49. Rb6 Rc3 50. g4 Rc4 51. Rb5 Rxf4 52. Rxf5
Ra4 53. Rf3 Kg6 54. Re3 h5 55. Re6+ Kf7 56. Rb6 hxg4 57. hxg4 Kg7 58. Kh5 Ra5+
59. g5 Ra7 60. Rb5 Rc7 61. g6 Rc1 62. Rb7+ Kg8 63. Rb8+ Kg7 1/2-1/2

[Event "London Classic Open 2015"]
[Site "London ENG"]
[Date "2015.12.04"]
[Round "1.29"]
[White "Zhou, Yang-Fan"]
[Black "Myall, Ivan J"]
[Result "1-0"]
[WhiteTitle "IM"]
[WhiteElo "2455"]
[BlackElo "2049"]
[WhiteFideId "468584"]
[BlackFideId "425168"]
[EventDate "2015.12.04"]

1. e4 e5 2. Nf3 Nc6 3. Bb5 Bc5 4. c3 f5 5. d4 fxe4 6. Bxc6 dxc6 7. Nxe5 Bd6 8.
O-O Nf6 9. Bg5 Bxe5 10. dxe5 Qxd1 11. Rxd1 Nd7 12. Rd4 O-O 13. Rxe4 Re8 14. Nd2
Nc5 15. Re3 Bf5 16. Nf3 h6 17. Bh4 Ne6 18. Rd1 g5 19. Bg3 Rad8 20. Rxd8 Rxd8 21.
h3 Rd1+ 22. Re1 Rd3 23. Re2 Rd1+ 24. Kh2 h5 25. h4 Bg4 26. Re3 gxh4 27. Nxh4 Ng7
28. f3 Be6 29. Re2 Bxa2 30. Bf4 Ne6 31. Kg3 Bd5 32. Nf5 b5 33. Be3 a5 34. f4 Bc4
35. Rf2 Rd3 36. Kh4 Ng7 37. Nxg7 Kxg7 38. Bd4 Kh6 39. f5 Rd1 40. Be3+ Kg7 41. e6
Kf8 42. Kxh5 Ke8 43. Kg6 Rd3 44. Rf3 Rd6 45. Kf6 1-0

[Event "London Classic Open 2015"]
[Site "London ENG"]
[Date "2015.12.04"]
[Round "1.30"]
[White "Van De Perre, Tom"]
[Black "Georgescu, Tiberiu-Marian"]
[Result "0-1"]
[BlackTitle "GM"]
[WhiteElo "2056"]
[BlackElo "2453"]
[WhiteFideId "209040"]
[BlackFideId "1213300"]
[EventDate "2015.12.04"]

1. e4 c6 2. d4 d5 3. e5 Bf5 4. Nf3 e6 5. Be2 Ne7 6. O-O h6 7. Nbd2 Nd7 8. Re1
Bh7 9. Nf1 c5 10. dxc5 Nc6 11. a3 Bxc5 12. b4 Be7 13. c4 dxc4 14. Bxc4 Qc7 15.
Bb5 a6 16. Bxc6 bxc6 17. Be3 a5 18. Qd4 O-O 19. Rac1 axb4 20. axb4 Ra4 21. Red1
Rd8 22. Qc4 Rc8 23. Qd4 Nf8 24. Bd2 Qb7 25. Rc4 Rd8 26. Qb2 Bd3 27. Qb3 Bxc4 28.
Qxa4 Be2 29. Rc1 Bxf3 30. gxf3 Ng6 31. Qxc6 Qxc6 32. Rxc6 Nxe5 33. Rc7 Bd6 34.
Rc2 Nxf3+ 35. Kg2 Nd4 36. Rb2 Nb5 37. f4 Rc8 38. Kf3 Rc4 39. Ng3 Nd4+ 40. Kf2
Nb5 41. Kf3 f5 42. h4 g6 43. Ne2 Be7 44. Be1 Kf7 45. Ra2 Rc7 46. Ke3 Rb7 47. Kd3
Rd7+ 48. Kc4 Rd5 49. Ra5 Nd6+ 50. Kb3 Rd3+ 51. Kc2 Re3 52. Kd1 Ne4 53. Ra7 Kf6
54. Ra6 Bd6 55. Ra8 e5 56. fxe5+ Kxe5 57. Rh8 f4 58. Rxh6 f3 59. Rxg6 0-1

[Event "London Classic Open 2015"]
[Site "London ENG"]
[Date "2015.12.04"]
[Round "1.31"]
[White "Bartholomew, John"]
[Black "Praczukowski, Stanislaw"]
[Result "1-0"]
[WhiteTitle "IM"]
[WhiteElo "2448"]
[BlackElo "2038"]
[WhiteFideId "2019353"]
[BlackFideId "1182730"]
[EventDate "2015.12.04"]

1. Nf3 Nf6 2. d4 e6 3. e3 b6 4. Bd3 Bb7 5. O-O c5 6. c4 Be7 7. Nc3 d5 8. cxd5
exd5 9. b3 O-O 10. Bb2 Nbd7 11. Qc2 Rc8 12. Rac1 Bd6 13. Qe2 Re8 14. Rfd1 Ne4
15. h3 Qe7 16. Ba6 Ndf6 17. Bxb7 Qxb7 18. dxc5 bxc5 19. Nxe4 Nxe4 20. Nd2 d4 21.
Qf3 Rcd8 22. Nxe4 Qxe4 23. Qxe4 Rxe4 24. exd4 cxd4 25. Bxd4 1-0

[Event "London Classic Open 2015"]
[Site "London ENG"]
[Date "2015.12.04"]
[Round "1.32"]
[White "De Coverly, Roger D"]
[Black "Wells, Peter K"]
[Result "1-0"]
[BlackTitle "GM"]
[WhiteElo "2029"]
[BlackElo "2442"]
[WhiteFideId "405213"]
[BlackFideId "400327"]
[EventDate "2015.12.04"]

1. e4 c5 2. Nf3 Nc6 3. g3 d5 4. exd5 Qxd5 5. Nc3 Qe6+ 6. Qe2 Nb4 7. Qxe6 Bxe6 8.
Bb5+ Bd7 9. Bxd7+ Kxd7 10. Kd1 g6 11. Ne5+ Ke8 12. Nb5 Nd5 13. Re1 Bg7 14. a4
Nh6 15. Ra3 a6 16. Rd3 axb5 17. Rxd5 f6 18. Nd3 b6 19. Rd6 bxa4 20. Rxb6 Ng4 21.
Rb7 Bf8 22. Nxc5 Nxf2+ 23. Ke2 Rc8 24. d4 Ng4 25. h3 Nh6 26. c3 Nf5 27. Kf3 h5
28. Nxa4 Nd6 29. Ra7 g5 30. Nc5 Kf7 31. Ne6 Bh6 32. Kg2 g4 33. Bxh6 gxh3+ 34.
Kxh3 Rxh6 35. Nf4 Nf5 36. Nd5 Re8 37. Rf1 Kg6 38. b4 Rh7 39. b5 h4 40. g4 Nd6
41. b6 Ne4 42. c4 e6 43. Nf4+ Kh6 44. Rxh7+ Kxh7 45. c5 e5 46. dxe5 fxe5 47. Nd5 1-0

[Event "London Classic Open 2015"]
[Site "London ENG"]
[Date "2015.12.04"]
[Round "1.33"]
[White "Cherniaev, Alexander"]
[Black "Bullen, Alex"]
[Result "1-0"]
[WhiteTitle "GM"]
[WhiteElo "2441"]
[BlackElo "2040"]
[WhiteFideId "4117301"]
[BlackFideId "1801627"]
[EventDate "2015.12.04"]

1. d4 d5 2. Nf3 Nf6 3. g3 e6 4. Bg2 Be7 5. c4 O-O 6. O-O dxc4 7. Qc2 a6 8. Qxc4
b5 9. Qc2 Bb7 10. Bd2 Bd6 11. Re1 Be4 12. Qc1 Bb7 13. Bg5 Nbd7 14. Nbd2 c5 15.
e4 Be7 16. e5 Nd5 17. Bxe7 Qxe7 18. Ne4 cxd4 19. Qd1 Ne3 20. fxe3 Bxe4 21. exd4
Bd5 22. Qd2 Rac8 23. Ng5 Bxg2 24. Kxg2 Nb6 25. Ne4 Nc4 26. Qf2 Qb7 27. Kg1 Qd5
28. Rac1 Nb6 29. Nc3 Qb7 30. Rcd1 Rc7 31. Ne4 Qd5 32. b3 Rd8 33. Qd2 Rdc8 34.
Nd6 Rd8 35. Rc1 Rdd7 36. Qf2 Qa8 37. Rf1 Nc8 38. Rxc7 Rxc7 39. Nxf7 Nb6 40. Ng5 1-0

[Event "London Classic Open 2015"]
[Site "London ENG"]
[Date "2015.12.04"]
[Round "1.34"]
[White "Feldman, Antony"]
[Black "Wegerle, Joerg"]
[Result "0-1"]
[BlackTitle "IM"]
[WhiteElo "2042"]
[BlackElo "2440"]
[WhiteFideId "2804565"]
[BlackFideId "4644743"]
[EventDate "2015.12.04"]

1. Nf3 d5 2. g3 c6 3. Bg2 Bg4 4. O-O Nd7 5. d4 e6 6. h3 Bxf3 7. Bxf3 f5 8. Bf4
Ngf6 9. c4 g6 10. Qb3 Qb6 11. c5 Qxb3 12. axb3 Bg7 13. Rd1 O-O 14. b4 a6 15. Nc3
Ne4 16. Bxe4 fxe4 17. Kg2 e5 18. dxe5 Bxe5 19. Bxe5 Nxe5 20. b3